| 000 | 00779cam a2200229 4500 | ||
|---|---|---|---|
| 001 | ABS66826 | ||
| 008 | 030604n2002 000 0 eng u | ||
| 035 | _a(Sirsi) u122523 | ||
| 100 | _aCattanach, C. | ||
| 245 | _aDerivative formula | ||
| 260 | _c2002 | ||
| 490 |
_aEstates Gazette _v(0249) 7 December 2002, 58-59(2) |
||
| 520 | _aExamines the acceptance of a property derivatives markets by the Financial Services Authority and how quickly the market will take off. Includes a precis of the types of derivatives and what the FSA ruling allows. | ||
| 590 | _aABS | ||
| 650 | _aPROPERTY INVESTMENT | ||
| 650 | _aPROPERTY DERIVATIVES MARKET | ||
| 650 | _aREAL ESTATE | ||
| 650 | _aINVESTORS | ||
| 650 | _aINVESTMENT COMPANIES | ||
| 690 | _aINVESTMENT | ||
| 942 | _n0 | ||
| 999 |
_c72825 _d72825 |
||